=LDR 00000nam 2200000 4500 =001 INLIS000000000027112 =005 20200504124655 =035 ##$$a 0010-061300000027112 =008 200504################g##########0#ind## =041 ##$$a Ind =082 ##$$a 2x3.1 =090 ##$$a 2x3.1, Jaw p =100 1#$$a Jawas, Yazid Bin Abdul Qadir =245 1#$$a Prinsip dasar islam menurut Al-Qur'an dan As-Sunah yang Shahih, /$c Yasid Bin Abdul Qadir Jawas =260 ##$$a Bogor :$b Pustaka At-taqwa,$c 2007 =300 ##$$a xii, 262 hlm, ; $c 14 x 21 cm =650 #4$$a Tuhan-Islam =850 ##$$a NBPNMAT =020 ##$$a 979-96628-4-2 =084 ##$$a 2x3.1 JAW p =250 ##$$a cet.4 =990 ##$$a 0619/PN/2014 =990 ##$$a 21400613/BPAP-NTB/20142014